| 000 | 01826cam a22004094a 4500 | ||
|---|---|---|---|
| 001 | 15516742 | ||
| 003 | OSt | ||
| 005 | 20150723120555.0 | ||
| 008 | 081106s2010 maua b 001 0 eng | ||
| 010 | _a 2008048702 | ||
| 016 | 7 |
_a101488602 _2DNLM |
|
| 020 | _a9780073402062 (alk. paper) | ||
| 020 | _a0073402060 (alk. paper) | ||
| 035 | _a(OCoLC)ocn271597888 | ||
| 040 | _aSEKU | ||
| 042 | _apcc | ||
| 050 | 0 | 0 |
_aR 725.5 _b.J8 2010 |
| 100 | 1 |
_aJudson, Karen, _d1941- |
|
| 245 | 1 | 0 |
_aLaw & ethics for medical careers _cKaren Judson, Carlene Harrison. |
| 246 | 3 | _aLaw and ethics for medical careers | |
| 250 | _a5th ed. | ||
| 260 |
_aBoston : _bMcGraw-Hill Higher Education, _cc2010. |
||
| 300 |
_axix, 373 p. : _bcol. ill. ; _c28 cm. |
||
| 500 | _aRev. ed. of: Law and ethics for medical careers / Karen Judson, Carlene Harrison, Sharon Hicks. 4th ed. c2006. | ||
| 504 | _aIncludes bibliographical references and index. | ||
| 505 | 0 | _aIntroduction to law and ethics -- Working in health care -- Law, the courts, and contracts -- Professional liability and medical malpractice -- Defenses to liability suits -- Medical records and informed consent -- Privacy law and HIPAA -- Physicians' public duties and responsibilities -- Workplace legalities -- The beginning of life and childhood -- Death and dying -- Health care trends and forecasts. | |
| 650 | 0 | _aMedical ethics. | |
| 650 | 0 | _aMedical jurisprudence. | |
| 650 | 0 |
_aMedical assistants _xProfessional ethics. |
|
| 650 | 0 |
_aMedical assistants _xLegal status, laws, etc. |
|
| 650 | 1 | 2 |
_aLegislation, Medical _zUnited States. |
| 650 | 2 | 2 |
_aEthics, Medical _zUnited States. |
| 650 | 2 | 2 |
_aHealth Personnel _zUnited States. |
| 700 | 1 | _aHarrison, Carlene. | |
| 700 | 1 |
_aJudson, Karen, _d1941- _tLaw and ethics for medical careers. |
|
| 942 |
_2lcc _cGEN |
||
| 999 |
_c6854 _d6854 |
||